000 01018nam a2200217Ia 4500
008 0000001994 usad 0000000000eng00
090 _aPUS00 H21h
245 1 0 _aHeather Hutchison
_b: translucid passages
300 _a[34] p.
_c/ 28
500 _aExposición realizada en Nohra Haime Gallery, New York, del febrero 16 a marzo 19 de 1994 \ Registro auspiciado por la FGAA. Bogotá
505 _aOBRAS : Sinking Ribbons of euphoria For the bees Feather river Resurrection Benediction for Bernice Nine high Division I A simple twist of fate For all the people who have died Where I stand and wait for you
600 0 0 _aHUTCHISON, HEATHER, 1964/
_xTRABAJOS PICTORICOS
650 1 4 _aARTE CONTEMPORANEO ESTADOUNIDENSE
650 1 4 _aARTISTAS PLASTICOS ESTADOUNIDENSES
650 1 4 _xCATALOGOS
650 1 4 _xEXPOSICIONES
650 1 4 _aPINTORES ESTADOUNIDENSES
650 1 4 _aPINTURA (TECNICA MIXTA)
650 1 4 _aPINTURA ESTADOUNIDENSE
999 _c10794
_d10794
260 _aNew York : Nohra Haime Gallery
_c1994